Kỹ thuật nuôi lươn, ếch, ba ba, cá lóc
保存先:
| 第一著者: | |
|---|---|
| フォーマット: | 図書 |
| 言語: | Undetermined |
| 出版事項: |
Tp. HCM
Nông Nghiệp
2000
|
| 主題: | |
| タグ: |
タグ追加
タグなし, このレコードへの初めてのタグを付けませんか!
|
| Thư viện lưu trữ: | Trung tâm Học liệu Trường Đại học Cần Thơ |
|---|
| LEADER | 00580nam a2200193Ia 4500 | ||
|---|---|---|---|
| 001 | CTU_37808 | ||
| 008 | 210402s9999 xx 000 0 und d | ||
| 020 | |b 7.500đ | ||
| 082 | |a 639.37 | ||
| 082 | |b L550 | ||
| 100 | |a Ngô Trọng Lư | ||
| 245 | 0 | |a Kỹ thuật nuôi lươn, ếch, ba ba, cá lóc | |
| 245 | 0 | |c Ngô Trọng Lư | |
| 260 | |a Tp. HCM | ||
| 260 | |b Nông Nghiệp | ||
| 260 | |c 2000 | ||
| 650 | |a fish-culture,freshwater fishes,frog culture,turtle culture | ||
| 904 | |i Minh, 000928 | ||
| 980 | |a Trung tâm Học liệu Trường Đại học Cần Thơ | ||